NFL Player's College's Part 2 - Statistics

General Stats
  • This quiz has been taken 176 times
  • The average score is 12 of 20
Answer Stats
Player Answer % Correct
Sam Darnold USC
92%
Tom Brady Michigan
88%
Drake Maye North Carolina
86%
Eli Manning Mississippi
84%
Travis Kelce Cincinnati
81%
Jason Kelce Cincinnati
81%
Dak Prescott Mississippi St
74%
Darius Slay Jr Mississippi st
74%
Adrian Peterson Oklahoma
67%
Zay Flowers Boston College
64%
Stefon Diggs Maryland
64%
Jordan Addison Pitt
55%
Tank Dell Houston
53%
Tristan Wirfs Iowa
50%
Dexter Lawrence Clemson
47%
Aaron Jones Texas
47%
Tommy Devito Illinois
36%
Drake London Southern Cal
31%
Budda Baker Washington
26%
Bruce Smith Virginia Tech
16%
No matching quizzes found
Score Distribution
Percent of People with Each Score
Percentile by Number Answered
Your Score History
You have not taken this quiz